New directions in religious education/ (Record no. 20147)
[ view plain ]
| 000 -LEADER | |
|---|---|
| fixed length control field | 00405nam a22001337a 4500 |
| 008 - FIXED-LENGTH DATA ELEMENTS--GENERAL INFORMATION | |
| fixed length control field | 230523b |||||||| |||| 00| 0 eng d |
| 020 ## - INTERNATIONAL STANDARD BOOK NUMBER | |
| International Standard Book Number | 0905273303 |
| 050 ## - LIBRARY OF CONGRESS CALL NUMBER | |
| Classification number | BL42 |
| Item number | .N49 1982 vol.7 |
| 245 ## - TITLE STATEMENT | |
| Title | New directions in religious education/ |
| Statement of responsibility, etc. | Edited by John Hull |
| 250 ## - EDITION STATEMENT | |
| Edition statement | Routledge library ditions: eduction and religion |
| 260 ## - PUBLICATION, DISTRIBUTION, ETC. (IMPRINT) | |
| Place of publication, distribution, etc. | London |
| Name of publisher, distributor, etc. | Routledge |
| Date of publication, distribution, etc. | 1982 |
| 300 ## - PHYSICAL DESCRIPTION | |
| Extent | xvi, 211p. |
| 942 ## - ADDED ENTRY ELEMENTS (KOHA) | |
| Source of classification or shelving scheme | Library of Congress Classification |
| Koha item type | General Collection |
| Withdrawn status | Lost status | Source of classification or shelving scheme | Not for loan | Home library | Current library | Date acquired | Cost, normal purchase price | Inventory number | Total Checkouts | Full call number | Barcode | Date last seen | Copy number | Price effective from | Koha item type |
|---|---|---|---|---|---|---|---|---|---|---|---|---|---|---|---|
| Library of Congress Classification | Kabarak, Main Campus | Kabarak, Main Campus | 23/05/2023 | 3876.00 | 0752/2022 | BL42 .N49 1982 Vol.7 C.1 | 032336 | 02/08/2024 | C.1 | 23/05/2023 | General Collection |